000 00732nam a2200265Ia 4500
005 20260302114541.0
008 008 260114s9999 xx 000 0 eng d
020 _a9781472547958
037 _aTextbook
040 _aCRL
040 _beng
040 _cCRL
041 _2eng
041 _aeng
084 _qCRL
100 _aColby Dickinson
_91080318
245 0 _aBetween the Canon and the Messiah The Structure of Faith in Contemporary Continental Thought
260 _bBloomsbury
260 _bBloomsbury Academic
260 _c2013
650 _aPhilosophy
856 _uhttps://dx.doi.org/10.5040/9781472547958?locatt=label:secondary_bloomsburyCollections
942 _cEBOOK
999 _c1682962
_d1682962